| 000 | 00670nam a22001817a 4500 | ||
|---|---|---|---|
| 999 |
_c8983 _d8983 |
||
| 003 | AR-CdUCM | ||
| 008 | 190327b ||||| |||| 00| 0 spa d | ||
| 040 |
_aMUNICIPALIDAD PROVINCIAL DEL CUSCO _cBIBLIOTECA MUNICIPAL DEL CUSCO |
||
| 082 |
_a250.88 / _bP27 |
||
| 110 |
_aInstituto de Pastoral Andina _912766 |
||
| 245 | _aPastoral Andina / | ||
| 260 |
_aCusco - Perú : _bPrelatura de Sicuani ; _c1978. |
||
| 300 |
_a202 páginas ; _bFotografías b/n _c20cm |
||
| 505 | _aContenido: Documento de la arquidiocesis -- Documento de de la prelatura de Sicuani -- Documento de la arquidiocesis de Puno... | ||
| 650 |
_aReligión _91195 |
||
| 942 |
_2ddc _cLIBROS |
||
| 945 | _anom | ||